Pokémon Go - les Pokémon régionaux - Statistiques

Statistiques générales
  • Ce quiz a été pris 71 fois
    25 depuis la dernière actualisation
  • Le résultat moyen est 27 sur 72
Statistiques - réponses
Région/Pays Pokémon % Correct
Amérique du Nord Tauros
86%
Australie Kangourex
81%
M.Mime
71%
France/Belgique/Suisse/Luxembourg Trousselin
71%
Asie Canarticho
62%
Autour Équateur Corayon
62%
New York Frison
62%
Afrique/Sud de l'Espagne/ Îles Canaries Tropius
62%
Égypte/Grèce Cryptéro
57%
Hawaï Guérilande
57%
Amériques/Groenland Créfadet
52%
Europe/Moyen-Orient/Afrique Créfollet
52%
Feuillajou
52%
Flotajou
52%
Mangriff
52%
Canada/Alaska/Russie Pachirisu
52%
Hémisphère Sud Pijako
52%
Nouvelle-Zélande Relicanth
52%
Amériques/Afrique Séviper
52%
Mexique Brutalibré
48%
Inde/Asie Sud-Est Chartor
48%
Asie-Pacifique Créhelf
48%
Flamajou
48%
Flamoutan
48%
Amérique centrale/du Sud Scarhino
48%
Hémisphère Est Séléroc
48%
Hémisphère Ouest Solaroc
48%
Feuiloutan
43%
Flotoutan
43%
Sud-Est des USA Vortente
43%
Amériques/Afrique/Îles Canaries Lumivole
38%
Sud USA/Amérique centrale et Sud/Caraïbes Maracachi
38%
Europe Mime Jr
38%
Europe/Asie/Australie Muciole
38%
Biome Plage Taupikeau
38%
Tauros de Paldea Race Aquatique
38%
Péninsule Ibérique Tauros de Paldea Race Combative
38%
Tauros de Paldea Race Flamboyante
38%
Aflamanoir
33%
Royaume-Uni Dolman
33%
Fermite
33%
Égypte Couafarel coupe Pharaon
29%
France Couafarel coupe Reine
29%
Judokrak
29%
Ama-Ama
24%
Karaclée
24%
Pierroteknik
24%
Plumeline style Buyô
24%
Plumeline style Flamenco
24%
Îles africaines/asiatiques/pacifiques/caraïbes Plumeline style Hula
24%
Plumeline style Pom-Pom
24%
Bamboiselle
19%
Bargantua motif Bleu
19%
Bargantua motif Rouge
19%
Couafarel coupe Demoiselle
19%
Couafarel coupe Diamant
19%
Couafarel coupe Étoile
19%
Japon Couafarel coupe Kabuki
19%
Flabébé Fleur Bleue
19%
Flabébé Fleur Jaune
19%
Flabébé Fleur Rouge
19%
Hémisphère Nord Katagami
19%
Tritosor mer Occident
19%
Tritosor mer Orient
19%
Floette Fleur Bleue
14%
Floette Fleur Jaune
14%
Floette Fleur Rouge
14%
Florges Fleur Bleue
14%
Florges Fleur Jaune
14%
Florges Fleur Rouge
14%
Sancoki mer Occident
14%
Sancoki mer Orient
14%
Aucun quiz correspondant
Distribution des résultats
% des personnes avec chaque résultat
Percentile par nombre de réponses
Votre historique - résultats
Vous n’avez pas pris ce quiz depuis la dernière actualisation